Daybreak in the Dark continent /

محفوظ في:

المؤلف الرئيسي: Naylor, Wilson S. 1864- (مؤلف)

مؤلفون آخرون: Hartzell, Jay C.

التنسيق: كتاب

اللغة: English

منشور في: Boston : Department for Young People and Education, Congregational House, [c1905].

سلاسل: The forward mission study courses.

الموضوعات:

الوسوم: إضافة وسم

لا توجد وسوم, كن أول من يضع وسما على هذه التسجيلة!

رقم الطلب: BV3500 .N3 1905

LEADER 00941nam a2200265I 4500
001 8664
003 OSt
005 20251021123008.0
008 130303s1905 maubf b 000 0 eng d
010 |a 05041615 
035 |a ocm04612162 
040 |c ARCE Library 
050 4 |a BV3500 .N3 1905 
100 1 |a Naylor, Wilson S.  |q (Wilson Samuel),  |d 1864-  |e author  |9 36787 
245 1 0 |a Daybreak in the Dark continent /   |c by Wilson S. Naylor ; Introductory note by Bishop J. C. Hartzell. 
264 1 |a Boston :   |b Department for Young People and Education, Congregational House,   |c [c1905]. 
300 |a xiv, [2], 315 pages :  |b plates, maps (part folded) ;  |c 19 cm. 
490 0 |a The forward mission study courses. 
500 |a "References for papers or talks" at end of chapters. 
504 |a Bibliography : pages 295-299. 
650 0 |a Missions  |z Africa. 
700 1 |a Hartzell, Jay C.  |9 31646 
901 |a reviewed 
942 |c BK  |2 lcc 
999 |c 4144  |d 4144